Tyrone County Champion GAA - Statistics

General Stats
  • This quiz has been taken 297 times
  • The average score is 10 of 15
Answer Stats
Hints x Answer % Correct
2002 Errigal
83%
2016 Killyclogher
78%
2014 Omagh
76%
2015 Trillick
73%
2013 Clonoe
68%
2012 Errigal
68%
2011 Dromore
66%
2007 Dromore
65%
2006 Errigal
65%
2005 Carrickmore
64%
2004 Carrickmore
63%
2009 Dromore
63%
2010 Coalisland
61%
2003 Killyclogher
61%
2008 Clonoe
58%
No matching quizzes found
Score Distribution
Percent of People with Each Score
Percentile by Number Answered
Your Score History
You have not taken this quiz